Countries ending in "-land", but not "-island" - Statistics

General Stats
  • This quiz has been taken 42 times
  • The average score is 6 of 7
Answer Stats
This country borders... Answer % Correct
The UK Ireland
100%
Russia, Sweden, Norway Finland
98%
Italy, Austria, Germany, France Switzerland
98%
None Iceland
95%
Malaysia, Myanmar, Laos, Cambodia Thailand
95%
Ukraine, Belarus, Lithuania, Slovakia, Czechia, Germany, (Russia) Poland
86%
None New Zealand
69%
No matching quizzes found
Score Distribution
Percent of People with Each Score
Percentile by Number Answered
Your Score History
You have not taken this quiz